000 00375pab a2200145 454500
008 180718b2017 xxu||||| |||| 00| 0 eng d
100 _aSampson, Thomas
245 _aBrexit: the economics of international disintegration
260 _c2017
300 _ap.163-184.
362 _aFall
650 _aBrexit
773 _aJournal of Economic Perspectives
909 _a116595
999 _c116589
_d116589